ADR-Alternative dispute Resolution (Record no. 26933)

MARC details
000 -LEADER
fixed length control field 00394nam a2200169Ia 4500
020 ## - INTERNATIONAL STANDARD BOOK NUMBER
ISBN 978-978-5195699
050 ## - CALL MARK
Classification number KP 148 .O5/
100 ## - STATEMENT OF RESPONSIBILITY--MAIN AUTHOR NAME
Personal name Olakanmi, Jide & Co.
245 #0 - TITLE STATEMENT
Title ADR-Alternative dispute Resolution
260 ## - PUBLICATION, DISTRIBUTION, ETC. (IMPRINT)
Place of publication Lagos
260 ## - PUBLICATION, DISTRIBUTION, ETC. (IMPRINT)
Name of publisher Law LORD
260 ## - PUBLICATION, DISTRIBUTION, ETC. (IMPRINT)
Year of publication 2013
300 ## - PHYSICAL DESCRIPTION
Number of Pages 360 p
942 ## - ADDED ENTRY ELEMENTS (KOHA)
Koha item type Books
Holdings
Withdrawn status Lost status Source of classification or shelving scheme Damaged status Not for loan Permanent Location Current Location Shelving location Date acquired Accession Number Price effective from Koha item type
    Library of Congress Classification     NILE UNIVERSITY OF NIGERIA - MAIN LIBRARY NILE UNIVERSITY OF NIGERIA - MAIN LIBRARY Items on shelf 04/23/2025 0190845 04/23/2025 Books